R v Aylesbury DC and Price, ex parte Chaplin (Record no. 52718)
[ view plain ]
| 000 -LEADER | |
|---|---|
| fixed length control field | 01494cab a2200217 4500 |
| 001 - CONTROL NUMBER | |
| control field | ABS58203 |
| 008 - FIXED-LENGTH DATA ELEMENTS--GENERAL INFORMATION | |
| fixed length control field | 090401t1998 xxu||||| |||| 00| 0 eng d |
| 035 ## - SYSTEM CONTROL NUMBER | |
| System control number | (Sirsi) u83468 |
| 041 ## - LANGUAGE CODE | |
| Language code of text/sound track or separate title | eng |
| 245 ## - TITLE STATEMENT | |
| Title | R v Aylesbury DC and Price, ex parte Chaplin |
| 260 ## - PUBLICATION, DISTRIBUTION, ETC. | |
| Date of publication, distribution, etc. | 1998 |
| 350 ## - PRICE (NR) (BK AM CF MU VM SE) [OBSOLETE] | |
| Price | 0 |
| 490 ## - SERIES STATEMENT | |
| Series statement | Journal of Planning and Environment Law |
| Volume/sequential designation | [1998] JPL 48-55(8) |
| 520 ## - SUMMARY, ETC. | |
| Summary, etc. | CA 31 July 1997. An application was submitted for planning permission to build two houses at Barracks Farm, Bucks. The Planning Officer reported to the Development Control Sub-Committee of the Aylesbury Vale DC that the site lay within the development boundary of the village and the proposed development would comply with the relevant policy in the Rural Areas Local Plan (RH6). The sub-committee refused against the Planning Officer`s advice. After appeal a public inquiry was arranged. The planning department suggested in view of the forthcoming inquiry, members of the sub-committee should visit the site. After the site visit the applicant was advised to reapply and permission was granted without any reason given for the reverse of the earlier decision. The applicants appealed against the grant of planning permission because the earlier had been dismissed without reasons given. Appeal dismissed. |
| 650 ## - SUBJECT ADDED ENTRY--TOPICAL TERM | |
| Topical term or geographic name entry element | PLANNING PERMISSION |
| 650 ## - SUBJECT ADDED ENTRY--TOPICAL TERM | |
| Topical term or geographic name entry element | REVERSAL OF DECISION |
| 650 ## - SUBJECT ADDED ENTRY--TOPICAL TERM | |
| Topical term or geographic name entry element | RURAL AREA LOCAL PLAN |
| 690 ## - LOCAL SUBJECT ADDED ENTRY--TOPICAL TERM (OCLC, RLIN) | |
| Topical term or geographic name as entry element | PLANNING LAW AND PRACTICE-CASE LAW |
| 942 ## - ADDED ENTRY ELEMENTS (KOHA) | |
| Suppress in OPAC | 0 |
| 948 ## - LOCAL PROCESSING INFORMATION (OCLC); SERIES PART DESIGNATOR (RLIN) | |
| c (OCLC) | 02/02/1998 |
| Withdrawn status | Lost status | Source of classification or shelving scheme | Damaged status | Not for loan | Home library | Current library | Shelving location | Date acquired | Total Checkouts | Full call number | Barcode | Date last seen | Copy number | Price effective from | Koha item type |
|---|---|---|---|---|---|---|---|---|---|---|---|---|---|---|---|
| Dewey Decimal Classification | London | London | Journal article | 14/09/1999 | ABS58203 | 83468-1001 | 06/08/2019 | 1 | 06/08/2019 | Law report |